| 000 | 00919nam a2200289 i 4500 | ||
|---|---|---|---|
| 001 | 000039475 | ||
| 003 | DO-SdBNP | ||
| 005 | 20260316114059.0 | ||
| 007 | ta | ||
| 008 | 130702s2003 dr 000 0 spa d | ||
| 040 |
_aDO-SdBNP _bspa _cBNPHU _erda |
||
| 041 | _aspa | ||
| 082 |
_axxx _bL817v _222 |
||
| 100 | 1 |
_aLockward, Angel, _eautor _911034 |
|
| 245 | 1 | 3 |
_aLa violencia urbana y el sistema penal en la República Dominicana / _cÁngel Lockward. |
| 264 |
_aSanto Domingo : _bFundación de Estudios Económicos y Políticos _bEdiciones Unicaribe, _c2003. |
||
| 300 |
_a79 páginas ; _c23 cm. |
||
| 336 |
_ardacontent _btexto _2txt |
||
| 337 |
_ardamedia _bsin mediación _2n |
||
| 338 |
_ardacarrier _bvolumen _2nc |
||
| 490 | 1 | _aPesamiento político | |
| 504 | _aBibliografía : página 78-79 | ||
| 590 | _aInventariado, 2026/DG | ||
| 830 | 0 |
_aPesamiento político _965663 |
|
| 910 | _aDG | ||
| 942 |
_2ddc _cLBS1 |
||
| 999 |
_c38965 _d38965 |
||